000 00330nam a2200157Ia 4500
100 _aWysocki/Robert
250 _a2
942 _cBK
654 _aproject Management
245 _aEffective project Management
260 _bWiley
_aNew york
_c2000
082 _a5.15
_bWYS
300 _a359
546 _aENGLISH
999 _c29955
_d29955